Most valuable football clubs 2025 - Statistics

General Stats
  • This quiz has been taken 39 times
    4 since last reset
  • The average score is 21 of 25
Answer Stats
Value Nation Answer % Correct
€1.29bn England Arsenal FC
100%
€589.00m Spain Atlético de Madrid
100%
€980.65m German Bayern Munich
100%
€511.40m German Borussia Dortmund
100%
€1.18bn England Chelsea FC
100%
€1.12bn Spain FC Barcelona
100%
€551.70m Italy Juventus FC
100%
€1.04bn England Liverpool FC
100%
€1.19bn England Manchester City
100%
€719.15m England Manchester United
100%
€1.19bn France Paris Saint-Germain
100%
€1.38bn Spain Real Madrid
100%
€466.80m Italy SSC Napoli
100%
€878.50m England Tottenham Hotspur
100%
€485.50m Italy AC Milan
75%
€519.50m England Aston Villa
75%
€445.45m Germany Bayer 04 Leverkusen
75%
€519.50m England Brighton & Hove Albion
75%
€670.30m Italy Inter Milan
75%
€712.95m England Newcastle United
75%
€619.60m England Nottingham Forest
75%
€463.00m Portugal Sporting CP
75%
€501.60m England Crystal Palace
50%
€483.85m England AFC Bournemouth
25%
€455.90m England Brentford FC
0%
No matching quizzes found
Score Distribution
Percent of People with Each Score
Percentile by Number Answered
Your Score History
You have not taken this quiz since the last reset